[Event "8th Ali Ipek Tournament 2020"]
[Site "Ankara"]
[Date "2020.03.05"]
[Round "2.6"]
[White "Gul, Servet"]
[Black "Ibik, Halit Zavuz"]
[Result "0-1"]
[WhiteElo "1425"]
[BlackElo "1991"]
[Annotator "TA"]
[PlyCount "50"]
[EventDate "2020.03.04"]
[EventType "swiss"]
[EventCountry "TUR"]
[SourceTitle "playchess.com"]
[Source "ChessBase"]
[SourceQuality "1"]

{[%evp 12,50,40,-6,5,-36,-35,-63,-52,-49,-53,-157,-169,-259,-268,-263,-258,-254,-234,-270,-219,-478,-474,-470,-475,-475,-473,-470,-467,-447,-394,-535,-520,-525,-506,-587,-579,-571,-555,-577,-581]} 1. d4 d5 2. c4 e6 3. Nc3 Nf6 4. e3 c6 5. Nf3 Nbd7 6. Bd3 Bd6 7. a3 O-O {D46: Semi-Slav: 5 e3 Nbd7 6 Bd3, Black avoids the Meran.} 8. b4 Qe7 {[#]} 9. Ne2 $146 ({Predecessor:} 9. Bb2 e5 10. dxe5 Nxe5 11. cxd5 Nxf3+ 12. gxf3 cxd5 13. Ne2 Nh5 14. Qc2 g6 15. Qc3 {0-1 (62) Chilla,R (1843)-Trangos,M (1935) Ruzomberok 2016}) 9... e5 {[#] Threatens to win with ...e4.Black is slightly better.} (9... dxc4 {seems wilder.} 10. Bxc4 e5 11. Ng3 Nb6 12. Ba2 e4) 10. dxe5 Nxe5 11. Nxe5 (11. c5 $1 $15 Nxf3+ 12. gxf3) 11... Bxe5 $17 ({Don't do} 11... Qxe5 12. Ra2 $17) 12. Rb1 {[#]} (12. Ra2 {was necessary.}) 12... dxc4 $1 $19 13. Bxc4 Bf5 14. Rb3 Rad8 15. Bd3 Be6 16. Qc2 $2 (16. Rb2) 16... Qd7 17. f4 Bxb3 18. Qxb3 Qxd3 19. Qxd3 Rxd3 20. fxe5 Rfd8 {aiming for ...Rd1+.} 21. O-O Ng4 {Black is clearly winning.} 22. h3 Nxe3 23. Rf3 Rd1+ 24. Kf2 Nc4 25. Bf4 R8d3 {White did not feel at home in the position after the opening. Accuracy: White = 27%, Black = 86%.} 0-1

[Event "8th Ali Ipek Tournament 2020"]
[Site "Ankara"]
[Date "2020.03.05"]
[Round "2.7"]
[White "Ozalp, Burak"]
[Black "Soku, Mustafa Attila"]
[Result "1-0"]
[WhiteElo "1967"]
[BlackElo "1506"]
[Annotator "TA"]
[PlyCount "47"]
[EventDate "2020.03.04"]
[EventType "swiss"]
[EventCountry "TUR"]
[SourceTitle "playchess.com"]
[Source "ChessBase"]
[SourceQuality "1"]

{[%evp 9,47,42,51,47,41,46,56,36,179,189,218,195,185,231,194,116,149,144,123,134,294,291,285,294,273,289,289,273,291,277,468,268,272,253,442,422,758,762,794,794]} 1. e4 g6 2. d4 Bg7 3. Nc3 d6 4. Bg5 a6 5. Nf3 Nd7 6. a4 {B06: Modern Defence.} b6 7. Bc4 h6 8. Bh4 {White is slightly better.} g5 (8... Bb7 $14) 9. Bxg5 $18 hxg5 {[#]} 10. Bxf7+ $1 {[%mdl 512] [#]} Kf8 $146 (10... Kxf7 11. Nxg5+) ({Predecessor:} 10... Kxf7 11. Nxg5+ Kf6 12. Qg4 Ne5 13. Nd5+ Kg6 14. Nf4+ Kf6 15. dxe5+ dxe5 16. Nh7+ {1-0 (16) Rublevsky,S (2670)-D'Amore,C (2462) Istanbul 2000}) 11. Nxg5 {And now Ne6+ would win.} Ndf6 12. e5 (12. h4 $18) 12... dxe5 13. dxe5 $40 {[%mdl 128] White wants a kill.} Qxd1+ 14. Rxd1 {Threatening mate with Rd8+.} Bb7 $2 (14... Bf5 $16) 15. Bg6 {[%cal Rg5e6]} (15. exf6 exf6 16. Bxg8 fxg5 $16) 15... Nh6 {intending ...Nfg4.} 16. exf6 Bxf6 17. Ne6+ Kg8 18. O-O Ng4 19. h3 (19. Nxc7 Be5 $11) 19... Be5 $2 (19... Bxc3 {was necessary.} 20. bxc3 Ne5) 20. f4 ({Weaker is} 20. hxg4 Bh2+ 21. Kh1 Bd6+ 22. Bh5 Bc8 $18) (20. Rfe1 $142) 20... Bxc3 21. hxg4 ({But not} 21. bxc3 $6 Ne3 $16) ({Not} 21. Nxc7 Bb4 $16) 21... Bxb2 $2 (21... Bb4 22. g5 Bd6) 22. Rd7 {Rfd1 would kill now.White is clearly winning.} Ba3 (22... Bc6 $142) 23. Rfd1 {White threatens Rd8+ and mate.} Bd6 {[#]} 24. R1xd6 $1 {[%mdl 576] Pin. Accuracy: White = 81%, Black = 26%.} 1-0

[Event "8th Ali Ipek Tournament 2020"]
[Site "Ankara"]
[Date "2020.03.05"]
[Round "2.8"]
[White "Alkan, Ferman"]
[Black "Pamuk, Yagiz"]
[Result "1-0"]
[WhiteElo "1858"]
[BlackElo "1385"]
[Annotator "NA RC"]
[PlyCount "95"]
[EventDate "2020.03.04"]
[EventType "swiss"]
[EventCountry "TUR"]
[SourceTitle "playchess.com"]
[Source "ChessBase"]
[SourceQuality "1"]
[TimeControl "5400+30"]

{[%evp 8,89,34,-19,-24,-62,-48,-71,-72,-68,-62,-79,-68,-56,-52,-70,-51,-43,-60,-57,0,-26,7,0,12,32767,32767,32767,32767,32767,0,32767,0,2,3,0,17,8,12,9,7,0,8,7,19,14,11,8,24,10,13,0,117,80,193,120,149,71,158,188,165,160,254,345,455,339,373,512,398,153,32767,32767,32767,32767,32767,32767,6648,29989,29987,29992,29993,29994,29996,1392]} 1. c4 {[%emt 0:03:30]} b6 {[%emt 0:01:30]} 2. d4 {[%emt 0:00:30]} Nf6 {[%emt 0:00:30]} 3. Nc3 {[%emt 0:00:30]} Bb7 {[%emt 0:00:30]} 4. f3 {[%emt 0:00:00]} e6 {[%emt 0:03:30]} 5. a3 {[%emt 0:00:00]} d5 {[%emt 0:00:30]} 6. Bg5 {[%emt 0:00:30] A50: Queen's Fianchetto Defence (1 d4 Nf6 2 c4 b6).} Be7 {[%emt 0:00:30]} 7. e3 {[%emt 0:01:30]} O-O {[%emt 0:01:30]} 8. Bd3 {[%emt 0:01:30]} c5 {[%emt 0:08:30]} 9. Nge2 {[%emt 0:00:00]} Nc6 {[%emt 0:01:30] [#]} 10. dxc5 $146 {[%emt 0:25:00]} ({Predecessor:} 10. O-O Rc8 11. cxd5 exd5 12. Bf5 Rb8 13. Qd3 g6 14. Bh3 cxd4 15. exd4 Bc8 16. Bxc8 Rxc8 {0-1 (60) Fernandez,M (2106)-Nejanky,M (2057) Buenos Aires 2010}) 10... dxc4 {[%emt 0:03:30]} 11. Bxc4 {[%emt 0:05:30]} Bxc5 {[%emt 0:02:30]} 12. b4 {[%emt 0:01:30]} Be7 {[%emt 0:01:30]} 13. O-O {[%emt 0:00:30]} Qxd1 {[%emt 0:02:30]} ({Black should play} 13... Ne5 $15 14. Bb3 a5) 14. Raxd1 {[%emt 0:01:30]} Rad8 {[%emt 0:00:30]} 15. Bf4 {[%emt 0:04:30]} Rxd1 {[%emt 0:02:30]} 16. Rxd1 {[%emt 0:01:30]} Rd8 {[%emt 0:00:30]} 17. Rxd8+ {[%emt 0:00:30]} Bxd8 {[%emt 0:00:30]} 18. e4 {[%emt 0:00:30]} Nd7 {[%emt 0:02:30]} 19. Bb3 {[%emt 0:06:30]} Bf6 {[%emt 0:05:30]} 20. Be3 {[%emt 0:05:30]} Nde5 {[%emt 0:09:30]} 21. h3 {[%emt 0:00:30]} Nd7 {[%emt 0:11:30]} 22. f4 {[%emt 0:00:30]} e5 {[%emt 0:03:30]} 23. f5 {[%emt 0:01:30]} Nd4 {[%emt 0:01:30]} 24. Ba4 {[%emt 0:02:30]} Nb8 {[%emt 0:05:30]} 25. Kf2 {[%emt 0:01:30]} a6 {[%emt 0:02:30]} 26. Nc1 {[%emt 0:03:30]} b5 {[%emt 0:02:30]} 27. Bd1 {[%emt 0:01:30]} Be7 {[%emt 0:01:30]} 28. Nd3 {[%emt 0:00:30]} Bd6 {[%emt 0:01:30]} 29. a4 {[%emt 0:05:30]} a5 {[%emt 0:02:30]} (29... Bc6 $11 {keeps the balance.}) 30. bxa5 {[%emt 0:02:30]} b4 {[%emt 0:01:30]} (30... bxa4 $16 31. Bxa4 Bc7) 31. Bxd4 {[%emt 0:02:30]} (31. Nb5 $18 Bxe4 32. Nxe5 (32. Nxd4 exd4 33. Bf4 Bxf4 $11) 32... Bxe5 33. Bxd4 (33. Nxd4 Bc7 $16) 33... Bxd4+ 34. Nxd4) 31... exd4 {[%emt 0:00:30] [#]} 32. Nd5 {[%emt 0:00:30]} (32. Nb5 $142 $1 {[%cal Rb5d6]} Bxe4 33. Nxd6 Bxd3 $16 34. Nb5) 32... Na6 {[%emt 0:00:30]} (32... Nc6 $14) 33. Bb3 {[%emt 0:01:30]} Nc5 {[%emt 0:02:59]} 34. Nxc5 {[%emt 0:01:30]} ({Inferior is} 34. N3xb4 Nxb3 35. a6 Ba8 $17) 34... Bxd5 {[%emt 0:00:24]} (34... Bxc5 $142 35. Ke1 Kf8) 35. Bxd5 {[%emt 0:03:12]} Bxc5 {[%emt 0:00:05]} 36. Ke2 {[%emt 0:00:21]} Kf8 {[%emt 0:00:20]} 37. Kd3 {[%emt 0:00:04]} Ke7 {[%emt 0:00:13]} 38. Kc4 $2 {[%emt 0:00:10]} (38. e5 $18 {is the precise move to win.} Ba7 39. Kc4) 38... Kd6 {[%emt 0:01:07]} 39. e5+ {[%emt 0:00:57]} Kxe5 {[%emt 0:00:30]} 40. Kxc5 {[%emt 0:00:00]} d3 {[%emt 0:00:00]} 41. a6 {[%emt 0:00:00]} d2 {[%emt 0:01:13]} 42. Bb3 {[%emt 0:00:21]} Ke4 {[%emt 0:00:16]} 43. a7 {[%emt 0:00:07]} Kd3 {[%emt 0:00:15]} 44. a8=Q {[%emt 0:00:00]} Kc3 {[%emt 0:00:43]} 45. Qf3+ {[%emt 0:00:23]} Kb2 {[%emt 0:00:00]} 46. Qd1 {[%emt 0:00:25]} Ka3 {[%emt 0:00:37]} 47. Kc4 {[%emt 0:00:00]} f6 {[%emt 0:00:13]} 48. Qa1# {[%emt 0:01:00]} 1-0

[Event "8th Ali Ipek Tournament 2020"]
[Site "Ankara"]
[Date "2020.03.05"]
[Round "2.9"]
[White "Bayramiclilar, Yusuf Ruzgar"]
[Black "Caberoglu, Arda"]
[Result "0-1"]
[WhiteElo "1435"]
[BlackElo "1784"]
[Annotator "NA RC"]
[PlyCount "84"]
[EventDate "2020.03.04"]
[EventType "swiss"]
[EventCountry "TUR"]
[SourceTitle "playchess.com"]
[Source "ChessBase"]
[SourceQuality "1"]
[TimeControl "5400+30"]

1. d4 {[%emt 0:00:30]} Nf6 {[%emt 0:00:30]} 2. c4 {[%emt 0:00:00]} e6 {[%emt 0:00:30]} 3. Nf3 {[%emt 0:00:00]} Bb4+ {[%emt 0:00:00]} 4. Bd2 {[%emt 0:00:00]} Qe7 {[%emt 0:00:00]} 5. a3 {[%emt 0:00:00]} Bxd2+ {[%emt 0:00:30]} 6. Qxd2 {[%emt 0:00:30]} b6 {[%emt 0:00:30]} 7. Nc3 {[%emt 0:00:30]} Bb7 {[%emt 0:00:30]} 8. e3 {[%emt 0:00:00]} O-O {[%emt 0:00:30]} 9. Be2 {[%emt 0:01:00]} d6 {[%emt 0:00:30]} 10. O-O {[%emt 0:00:30]} Nbd7 {[%emt 0:00:00]} 11. Rfd1 {[%emt 0:00:30]} Ne4 {[%emt 0:01:00]} 12. Qc2 {[%emt 0:01:30]} f5 {[%emt 0:00:30]} 13. Nd2 {[%emt 0:00:30]} Nxd2 {[%emt 0:08:30]} 14. Rxd2 {[%emt 0:01:30]} Qg5 {[%emt 0:00:30]} 15. Bf1 {[%emt 0:00:30]} f4 {[%emt 0:08:30]} 16. e4 {[%emt 0:01:30]} Nf6 {[%emt 0:02:30]} 17. f3 {[%emt 0:01:30]} c6 {[%emt 0:07:30]} 18. d5 {[%emt 0:05:30]} cxd5 {[%emt 0:02:30]} 19. exd5 {[%emt 0:00:30]} exd5 {[%emt 0:01:30]} 20. cxd5 {[%emt 0:00:30]} Rac8 {[%emt 0:04:30]} 21. Qa4 {[%emt 0:03:30]} Kh8 {[%emt 0:06:30]} 22. Qxa7 {[%emt 0:00:30]} Bxd5 {[%emt 0:01:30]} 23. Nxd5 {[%emt 0:00:30]} Nxd5 {[%emt 0:00:00]} 24. Qb7 {[%emt 0:00:30]} Ne3 {[%emt 0:04:00]} 25. Qxb6 {[%emt 0:00:30]} d5 {[%emt 0:00:30]} 26. a4 {[%emt 0:04:30]} Rf6 {[%emt 0:05:30]} 27. Qb7 {[%emt 0:01:30]} Rfc6 {[%emt 0:00:30]} 28. a5 {[%emt 0:00:30]} h5 {[%emt 0:02:30]} 29. Qb5 {[%emt 0:11:30]} Rc1 {[%emt 0:04:30]} 30. Rxc1 {[%emt 0:00:30]} Rxc1 {[%emt 0:00:30]} 31. Rf2 {[%emt 0:00:30]} Rxf1+ {[%emt 0:00:30]} 32. Qxf1 {[%emt 0:00:30]} Nxf1 {[%emt 0:00:30]} 33. Rxf1 {[%emt 0:00:00]} Qe5 {[%emt 0:00:30]} 34. Rb1 {[%emt 0:00:00]} d4 {[%emt 0:00:30]} 35. b4 {[%emt 0:00:30]} d3 {[%emt 0:00:30]} 36. b5 {[%emt 0:01:30]} d2 {[%emt 0:00:30]} 37. Kf1 {[%emt 0:00:30]} Qc3 {[%emt 0:01:30]} 38. Kf2 {[%emt 0:02:30]} Qe3+ {[%emt 0:00:30]} 39. Kf1 {[%emt 0:00:30]} Qd3+ {[%emt 0:00:00]} 40. Kf2 {[%emt 0:00:30]} Qxb1 {[%emt 0:00:00]} 41. a6 {[%emt 0:00:30]} d1=Q {[%emt 0:00:00]} 42. a7 {[%emt 0:00:00]} Qe1# {[%emt 0:00:00]} 0-1

[Event "8th Ali Ipek Tournament 2020"]
[Site "Ankara"]
[Date "2020.03.05"]
[Round "2.10"]
[White "Ozsac, Samet Harun"]
[Black "Aslan, Ali Efe"]
[Result "1/2-1/2"]
[WhiteElo "1884"]
[BlackElo "1394"]
[Annotator "NA RC"]
[PlyCount "114"]
[EventDate "2020.03.04"]
[EventType "swiss"]
[EventCountry "TUR"]
[SourceTitle "playchess.com"]
[Source "ChessBase"]
[SourceQuality "1"]
[TimeControl "5400+30"]

{[%evp 8,114,27,32,1,32767,32767,32767,32767,32767,-7,-16,-8,-17,0,-44,19,-11,0,-7,39,27,62,32767,32767,53,74,14,10,14,32767,32767,24,0,0,32767,32767,32767,30,39,31,43,35,31,30,16,19,0,0,-72,-69,-73,-62,-76,-12,-2,0,0,0,0,0,0,11,0,9,46,19,41,8,0,0,7,32767,32767,32767,32767,32767,32767,32767,32767,32767,32767,32767,0,32767,32767,32767,32767,32767,32767,32767,32767,32767,32767,32767,32767,0,0,0,0,0,0,0,0,0,0,0,0,0]} 1. Nf3 {[%emt 0:00:30]} d5 {[%emt 0:00:30]} 2. g3 {[%emt 0:00:30]} Nf6 {[%emt 0:00:00]} 3. Bg2 {[%emt 0:00:00]} c6 {[%emt 0:00:00]} 4. O-O {[%emt 0:00:00]} g6 {[%emt 0:00:30]} 5. d3 {[%emt 0:00:30]} Bg7 {[%emt 0:00:00]} 6. Nbd2 {[%emt 0:00:00]} O-O {[%emt 0:00:00]} 7. e4 {[%emt 0:01:00]} Nbd7 {[%emt 0:01:30]} 8. c3 {[%emt 0:04:30] A07: Réti Opening: New York and Capablanca Systems.} e5 {[%emt 0:02:30]} 9. Qc2 {[%emt 0:01:30]} Re8 {[%emt 0:01:30]} 10. Re1 {[%emt 0:00:30]} Nc5 {[%emt 0:02:30] [#]} 11. exd5 $146 {[%emt 0:18:30]} ({Predecessor:} 11. a3 dxe4 12. dxe4 Qd3 13. Qxd3 Nxd3 14. Re3 Nxc1 15. Rxc1 Rd8 16. Nc4 Ng4 17. Ree1 {½-½ (28) Arnetta,M-Perrone,G Italy 1996}) 11... Nxd5 {[%emt 0:01:30]} 12. Ne4 {[%emt 0:00:30]} Ne6 {[%emt 0:02:30]} 13. a4 {[%emt 0:04:30]} f5 {[%emt 0:01:30]} 14. Ned2 {[%emt 0:02:30]} Nc5 {[%emt 0:01:30]} 15. Nc4 {[%emt 0:04:30]} e4 {[%emt 0:02:30]} 16. dxe4 {[%emt 0:00:30]} Nxe4 {[%emt 0:00:30]} 17. Ne3 {[%emt 0:08:30]} (17. Ng5 $16) 17... Be6 {[%emt 0:09:30]} 18. Nxd5 {[%emt 0:02:30]} Bxd5 {[%emt 0:00:30]} 19. Be3 {[%emt 0:00:30]} Qc7 {[%emt 0:02:30]} 20. Bd4 {[%emt 0:02:30]} Qf7 {[%emt 0:01:30]} 21. Bxg7 {[%emt 0:00:30]} Kxg7 {[%emt 0:00:00]} 22. b4 {[%emt 0:02:30]} Bb3 {[%emt 0:06:00]} 23. Qb2 {[%emt 0:01:30]} Bc4 {[%emt 0:00:30]} 24. Rad1 {[%emt 0:03:30]} Rad8 {[%emt 0:01:30]} 25. Rxd8 {[%emt 0:03:30]} Rxd8 {[%emt 0:00:00]} 26. Nd4 {[%emt 0:01:30]} Re8 {[%emt 0:04:00]} 27. f3 {[%emt 0:04:30]} Nc5 {[%emt 0:03:30]} 28. Rxe8 {[%emt 0:12:30]} (28. Ra1 $11 Nb3 29. Nxb3 Bxb3 30. a5) 28... Qxe8 {[%emt 0:00:00]} 29. Qd2 {[%emt 0:02:48]} Nxa4 {[%emt 0:00:00]} 30. Kf2 {[%emt 0:01:56]} c5 {[%emt 0:01:30]} (30... Nb6 $17) 31. bxc5 $1 {[%emt 0:01:30]} Nxc5 {[%emt 0:00:30]} 32. Nxf5+ $1 {[%emt 0:01:12]} gxf5 {[%emt 0:04:30]} 33. Qd4+ {[%emt 0:00:09]} Kg6 {[%emt 0:01:30]} 34. Qxc4 {[%emt 0:00:17]} Qe5 {[%emt 0:01:30]} 35. h4 {[%emt 0:01:51]} h5 {[%emt 0:00:30]} 36. Qg8+ {[%emt 0:00:31]} Qg7 {[%emt 0:00:30]} 37. Qe8+ {[%emt 0:00:22]} Qf7 {[%emt 0:00:30]} 38. Qe3 {[%emt 0:00:42]} Qa2+ $1 {[%emt 0:02:30]} 39. Kg1 {[%emt 0:00:40]} Ne6 {[%emt 0:00:00]} 40. Bf1 {[%emt 0:00:41]} Qd5 {[%emt 0:01:00]} 41. Kg2 {[%emt 0:02:36]} a5 {[%emt 0:00:30]} 42. c4 {[%emt 0:00:20]} Qc6 {[%emt 0:00:30]} 43. Bd3 {[%emt 0:00:30]} a4 {[%emt 0:01:30]} 44. Qe5 {[%emt 0:01:09]} Ng7 {[%emt 0:00:30]} 45. Qf4 {[%emt 0:00:57]} Qf6 {[%emt 0:00:30]} 46. g4 {[%emt 0:01:08]} a3 {[%emt 0:01:30]} 47. gxf5+ {[%emt 0:00:41]} Nxf5 {[%emt 0:00:30]} 48. Bxf5+ {[%emt 0:01:08]} Qxf5 {[%emt 0:02:30]} 49. Qd6+ {[%emt 0:00:07]} Kf7 {[%emt 0:00:30]} 50. Qxa3 {[%emt 0:00:49]} Qc2+ {[%emt 0:00:00]} 51. Kg3 {[%emt 0:00:13]} Qxc4 {[%emt 0:00:00]} 52. f4 {[%emt 0:01:04]} Qe6 {[%emt 0:05:30]} 53. Qf3 {[%emt 0:01:22]} Qg6+ {[%emt 0:00:30]} 54. Kh2 {[%emt 0:00:45]} Qc2+ {[%emt 0:00:00]} 55. Kg1 {[%emt 0:02:06]} Qc1+ {[%emt 0:00:00]} 56. Kf2 {[%emt 0:01:21]} Qc2+ {[%emt 0:00:30]} 57. Kg3 $11 {[%emt 0:00:43]} Qg6+ {[%emt 0:00:30]} 1/2-1/2

[Event "8th Ali Ipek Tournament 2020"]
[Site "Ankara"]
[Date "2020.03.05"]
[Round "2.11"]
[White "Hotman, Cagan Arhan"]
[Black "Ozates, Mert"]
[Result "1/2-1/2"]
[WhiteElo "1358"]
[BlackElo "1810"]
[Annotator "NA RC"]
[PlyCount "168"]
[EventDate "2020.03.04"]
[EventType "swiss"]
[EventCountry "TUR"]
[SourceTitle "playchess.com"]
[Source "ChessBase"]
[SourceQuality "1"]
[TimeControl "5400+30"]

{[%evp 9,168,10,11,-22,-8,-1,32767,32767,32767,32767,17,-17,15,13,29,23,32767,6,35,32767,43,36,32767,32767,167,158,280,41,103,74,71,39,35,8,52,51,93,18,0,0,178,127,173,237,241,181,191,208,196,181,186,211,313,313,298,317,321,339,347,366,356,392,390,370,429,475,461,269,875,32767,32767,32767,32767,32767,32767,32767,294,186,201,191,231,91,300,263,260,0,0,0,0,0,0,0,0,0,32767,32767,32767,32767,32767,32767,32767,32767,32767,32767,0,0,0,0,0,0,0,0,0,0,0,0,0,0,0,0,0,0,0,0,32767,32767,32767,32767,32767,32767,32767,0,0,0,0,0,0,0,0,0,0,0,0,0,0,0,0,0,0,0,0,0,0,0,0,0,0,0,0,0,0]} 1. e4 {[%emt 0:00:30]} e6 {[%emt 0:00:30]} 2. d4 {[%emt 0:00:00]} d5 {[%emt 0:00:30]} 3. Nd2 {[%emt 0:00:00]} Nc6 {[%emt 0:00:00]} 4. c3 {[%emt 0:00:00]} e5 {[%emt 0:00:00]} 5. Ngf3 {[%emt 0:02:00]} exd4 {[%emt 0:08:30]} 6. Nxd4 {[%emt 0:05:30] C04: French Tarrasch: 3...Nc6.} Nxd4 {[%emt 0:01:30]} 7. cxd4 {[%emt 0:00:30]} dxe4 {[%emt 0:00:00]} 8. Nxe4 {[%emt 0:00:30]} Bb4+ {[%emt 0:01:00]} 9. Nc3 {[%emt 0:01:30]} Ne7 {[%emt 0:03:30]} 10. Bc4 {[%emt 0:04:30] [#]} Nc6 $146 {[%emt 0:08:30]} ({Predecessor:} 10... O-O 11. O-O Nf5 12. a3 Ba5 13. b4 Bb6 14. d5 Nd6 15. Bd3 Bf5 16. Bb2 Qh4 17. Na4 Bd4 18. Bxf5 Bxb2 19. Bxh7+ Qxh7 20. Nxb2 {1-0 (20) Paez,G-Maldonado Barrera,L Cartagena 2007}) 11. Be3 {[%emt 0:09:30]} O-O {[%emt 0:01:30]} 12. O-O {[%emt 0:00:30]} Bf5 {[%emt 0:04:30]} 13. Qb3 {[%emt 0:12:30]} Bxc3 {[%emt 0:08:30]} 14. Qxc3 {[%emt 0:02:30]} Qf6 {[%emt 0:04:30]} 15. Rad1 {[%emt 0:02:30]} Rad8 {[%emt 0:06:30]} 16. Rfe1 {[%emt 0:03:30]} Qg6 {[%emt 0:07:30] [#]} (16... Rfe8 $11 {and Black has nothing to worry.}) 17. d5 $1 {[%emt 0:05:30]} Be4 {[%emt 0:21:41] [#]} (17... Nb8 $16 18. Bxa7 Nd7) 18. Bg5 $2 {[%emt 0:05:30]} (18. f3 $1 $18 {[%cal Rf3e4]} Bxf3 19. Rd2) 18... Qxg5 {[%emt 0:02:21]} (18... Bxd5 $14 19. h4 (19. Rxd5 Rxd5 20. Bxd5 Qxg5 $11) (19. Bxd5 Qxg5 20. Bxc6 bxc6 $14) 19... Be4) 19. Rxe4 {[%emt 0:00:30]} Nb8 {[%emt 0:05:34]} 20. Red4 {[%emt 0:00:30]} Qe5 {[%emt 0:01:28]} 21. Qd2 {[%emt 0:07:30]} Nd7 {[%emt 0:01:57]} 22. d6 {[%emt 0:01:30]} c6 {[%emt 0:00:27]} 23. Bb3 {[%emt 0:05:30]} Rfe8 $1 {[%emt 0:00:54]} 24. h3 {[%emt 0:02:30]} Qe2 $2 {[%emt 0:01:14] [#]} (24... Nf6 $11 {and Black is okay.}) 25. Qf4 {[%emt 0:01:30]} (25. Qa5 $1 $18) 25... Nf6 {[%emt 0:00:37]} (25... Qh5 $16 {keeps fighting.}) 26. d7 {[%emt 0:01:30]} Rf8 {[%emt 0:03:29]} 27. R4d2 {[%emt 0:11:20]} Qe4 {[%emt 0:01:40]} 28. Qc7 {[%emt 0:01:54]} Qb4 {[%emt 0:01:43]} 29. Rd4 {[%emt 0:03:26]} Qb6 {[%emt 0:00:12]} 30. Qe5 {[%emt 0:01:36]} Nd5 {[%emt 0:02:19]} 31. Bxd5 {[%emt 0:00:39]} cxd5 {[%emt 0:00:05]} 32. Rxd5 {[%emt 0:00:13]} Qe6 {[%emt 0:00:49]} 33. Qc7 {[%emt 0:02:03]} Qa6 {[%emt 0:00:36]} 34. Re5 {[%emt 0:01:43]} Qa4 {[%emt 0:00:37]} 35. b3 {[%emt 0:01:09]} Qc6 {[%emt 0:01:35]} 36. Rc5 {[%emt 0:02:24]} Qe6 {[%emt 0:01:05]} 37. Qxb7 {[%emt 0:00:41]} Qe2 {[%emt 0:00:11]} 38. Rdc1 {[%emt 0:00:23]} Qxa2 $2 {[%emt 0:01:19]} (38... Qd2 39. Qxa7 Rxd7) 39. Rc8 {[%emt 0:00:13]} Qd2 {[%emt 0:00:01]} 40. R8c7 {[%emt 0:00:30]} a5 {[%emt 0:00:30]} 41. Qc6 {[%emt 0:01:05]} g6 {[%emt 0:00:30]} 42. Qb5 {[%emt 0:00:45]} Qb4 $2 {[%emt 0:00:34]} (42... f6 $16 43. b4 axb4) 43. Qc4 {[%emt 0:00:52]} Qd6 {[%emt 0:00:45]} 44. Qa4 {[%emt 0:00:46]} Qb4 {[%emt 0:00:00]} 45. Qa2 $2 {[%emt 0:00:21]} (45. Qxb4 $18 {and White stays clearly on top.} axb4 46. Re1) 45... Qb5 $2 {[%emt 0:00:32]} (45... Qd6 $16 {might work better.}) 46. Qd2 {[%emt 0:00:18]} Qxb3 {[%emt 0:00:42]} 47. Rc8 $2 {[%emt 0:00:10]} (47. Qxa5 $18 Qd3 48. Qa4) 47... Qe6 {[%emt 0:00:28]} 48. Rxd8 {[%emt 0:00:48]} Rxd8 {[%emt 0:00:30]} 49. Rc8 {[%emt 0:00:00]} Rxc8 {[%emt 0:00:00]} 50. d8=Q+ {[%emt 0:00:49]} Rxd8 {[%emt 0:00:00]} 51. Qxd8+ {[%emt 0:00:24]} Kg7 {[%emt 0:00:29]} 52. Qxa5 {[%emt 0:00:00]} Qe4 {[%emt 0:00:03]} 53. Qa1+ {[%emt 0:00:00]} Kg8 {[%emt 0:00:39]} 54. Qc1 {[%emt 0:00:00]} Qe5 {[%emt 0:00:56]} 55. Qc8+ {[%emt 0:01:06]} Kg7 {[%emt 0:00:30]} 56. Qc2 {[%emt 0:00:00]} h5 {[%emt 0:00:22]} 57. Qd2 {[%emt 0:00:00]} Kf6 {[%emt 0:00:49]} 58. Qd8+ {[%emt 0:00:10]} Kg7 {[%emt 0:00:13]} 59. Qd2 {[%emt 0:00:04]} Qf6 {[%emt 0:00:45]} 60. Qc2 {[%emt 0:00:10]} Qd4 {[%emt 0:00:05]} 61. Qe2 {[%emt 0:00:09]} Qa1+ {[%emt 0:01:39]} 62. Kh2 {[%emt 0:00:10]} Qd4 {[%emt 0:00:09]} 63. Kg1 {[%emt 0:00:22]} Kf6 {[%emt 0:00:26]} 64. Qf3+ {[%emt 0:00:21]} Ke6 {[%emt 0:00:59]} 65. Qc6+ {[%emt 0:00:15]} Qd6 {[%emt 0:00:00]} 66. Qe8+ {[%emt 0:00:41]} Kf6 {[%emt 0:00:05]} 67. Qh8+ {[%emt 0:00:14]} Ke7 {[%emt 0:00:15]} 68. Qa1 {[%emt 0:00:00]} Ke6 {[%emt 0:00:35]} 69. Qa2+ {[%emt 0:00:00]} Qd5 {[%emt 0:00:30]} 70. Qe2+ {[%emt 0:00:21]} Kf6 {[%emt 0:00:46]} 71. Qb2+ {[%emt 0:00:30]} Qe5 {[%emt 0:00:00]} 72. Qb6+ {[%emt 0:00:00]} Kg7 {[%emt 0:00:39]} 73. Qb4 {[%emt 0:00:16]} Qf5 {[%emt 0:01:51]} 74. Qd4+ {[%emt 0:00:20]} Qf6 {[%emt 0:00:31]} 75. Qd2 {[%emt 0:00:15]} Qe5 {[%emt 0:00:00]} 76. Qb4 {[%emt 0:00:47]} Qe6 {[%emt 0:00:43]} 77. Qd4+ {[%emt 0:00:14]} Kg8 {[%emt 0:00:52]} 78. Qd8+ {[%emt 0:00:07]} Kh7 {[%emt 0:00:18]} 79. Qd2 {[%emt 0:00:07]} Qe5 {[%emt 0:00:03]} 80. Qb4 {[%emt 0:00:28]} Kg8 {[%emt 0:01:00]} 81. Qd2 {[%emt 0:00:18]} Kg7 {[%emt 0:00:32]} 82. Qb4 {[%emt 0:00:09]} Qa1+ {[%emt 0:00:10]} 83. Kh2 {[%emt 0:00:08]} Qa2 {[%emt 0:00:47]} 84. Qd4+ $11 {[%emt 0:00:16]} Kg8 {[%emt 0:00:29]} 1/2-1/2